| 000 | 00647nam a22002297a 4500 | ||
|---|---|---|---|
| 003 | UA-OsUOA | ||
| 001 | 82047 | ||
| 007 | ta | ||
| 008 | 20120214b un ||||| |||| 00| 0 ukr d | ||
| 100 | _aНагибин Ю. | ||
| 090 |
_a821.161.1 _bН16 |
||
| 942 | _cBK | ||
| 040 |
_aUA-OsUOA _brus _cUA-OsUOA _dUA-OsUOA |
||
| 245 |
_aЦарскосельськое утро _bповести, рассказы |
||
| 300 | _a526 с. | ||
| 955 | _a3 | ||
| 041 | _arus | ||
| 080 | _a821.161.1 | ||
| 260 |
_aМ. _bСоветский писатель _c1983 |
||
| 650 | 7 |
_a82 Література. Літературознавство _2UDC |
|
| 999 |
_c368347 _d368347 |
||